Economics for business decisions

Αποθηκεύτηκε σε:
Λεπτομέρειες βιβλιογραφικής εγγραφής
Κύριος συγγραφέας: Livesey, Frank
Μορφή: Βιβλίο
Γλώσσα:English
Δημοσίευση: Estover, Plymouth : Philadelphia, Pa. : Macdonald and Evans ;, [Distributed exclusively by] International Ideas, 1983
Σειρά:M & E higher business education series
Θέματα:
Ετικέτες: Προσθήκη ετικέτας
Δεν υπάρχουν, Καταχωρήστε ετικέτα πρώτοι!

MARC

LEADER 00000nam a2200000 i 4500
001 1/59155
008 970321s1983 eng d
020 |a 071210593X ((pbk.))  |c Ή7.50 
035 |l 10028491 
040 |a GR-MY-UA  |b gre  |e aacr 
041 0 |a eng 
082 0 |a 338.5024658  |2 (19) 
100 1 |a Livesey, Frank. 
245 1 0 |a Economics for business decisions /  |c F. Livesey 
260 |a Estover, Plymouth :   |a Philadelphia, Pa. :   |b Macdonald and Evans ;,   |b [Distributed exclusively by] International Ideas,   |c 1983 
300 |a x, 339 p.;  |b ill.;  |c 24 cm. 
490 1 |a M & E higher business education series 
504 |a Includes bibliographical references and index 
650 0 0 |a Managerial economics. 
830 0 |a M & E higher business education series 
852 |a INST  |b CHIOS  |e 19970321  |h 338.5024658 LIV  |p 005200010654  |q 005200010654  |t BK  |y 0 
909 |a Χ  |b 000053